Sociálno-ekonomické zmeny a ich vplyv na vybrané časti pracovnoprávnych predpisov SR v porovnaní s krajinami EÚ
Súčasný ekonomický vývoj štátu a existujúci stav v oblasti zamestnanosti. Makroekonomická charakteristika súčasnej situácie. Vybrané legislatívne zmeny z pohľadu pripravovanej novely Zákonníka práce a ich porovnanie s krajinami EÚ.
Salvato in:
| Autore principale: | |
|---|---|
| Altri autori: | |
| Natura: | Capitolo di libro |
| Lingua: | slovacco |
| Soggetti: | |
| Tags: |
Nessun Tag, puoi essere il primo ad aggiungerne!!
|
MARC
| LEADER | 00000nla$a2200000$$$4500 | ||
|---|---|---|---|
| 001 | 0129271 | ||
| 005 | 20221103134359.4 | ||
| 041 | 0 | |a slo | |
| 044 | |a SK | ||
| 245 | 1 | 0 | |a Sociálno-ekonomické zmeny a ich vplyv na vybrané časti pracovnoprávnych predpisov SR v porovnaní s krajinami EÚ |c Anna Dovčíková, Ján Parobek |
| 520 | |a Súčasný ekonomický vývoj štátu a existujúci stav v oblasti zamestnanosti. Makroekonomická charakteristika súčasnej situácie. Vybrané legislatívne zmeny z pohľadu pripravovanej novely Zákonníka práce a ich porovnanie s krajinami EÚ. | ||
| 610 | 2 | 0 | |a Slovensko |
| 610 | 2 | 0 | |a Európska únia |
| 610 | 2 | 0 | |a právo pracovné |
| 610 | 2 | 0 | |a predpisy pracovnoprávne |
| 610 | 2 | 0 | |a povinnosti zamestnávateľov |
| 610 | 2 | 0 | |a povinnosti pracovníkov |
| 610 | 2 | 0 | |a zákonník práce |
| 610 | 2 | 0 | |a novelizácia |
| 100 | 1 | |a Dovčíková, Anna | |
| 700 | 1 | |a Parobek, Ján | |